Neurociencias Aplicadas en la empresa (Registro nro. 170059)

Detalles MARC
000 -LEADER
fixed length control field 01937nam a22002657a 4500
007 - PHYSICAL DESCRIPTION FIXED FIELD--GENERAL INFORMATION
fixed length control field cr|||| ||||
008 - FIXED-LENGTH DATA ELEMENTS--GENERAL INFORMATION
fixed length control field 210618s2020 co |||||s|||| 00||0 spa d
020 ## - INTERNATIONAL STANDARD BOOK NUMBER
International Standard Book Number 978-958-792-132-8
035 ## -
-- 33444
040 ## - CATALOGING SOURCE
Original cataloging agency vLex
090 ## -
-- 11823
-- 11823
100 1# - MAIN ENTRY--PERSONAL NAME
Personal name Barrios, Marcela Fabiana
245 10 - TITLE STATEMENT
Title Neurociencias Aplicadas en la empresa
Medium [Recurso electrónico] :
Remainder of title Una nueva visión de la dirección de empresas y el marketing /
Statement of responsibility, etc Marcela Fabiana Barrios, Daniel Héctor Casais
256 ## -
-- Servicio en línea
260 ## - PUBLICATION, DISTRIBUTION, ETC. (IMPRINT)
Place of publication, distribution, etc Bogotá:
Name of publisher, distributor, etc Ediciones de la U,
Date of publication, distribution, etc 2020
300 ## - PHYSICAL DESCRIPTION
Extent 1 recurso electrónico
500 ## - GENERAL NOTE
General note Este libro es una imprescindible ayuda para comprender y aplicar un área de las neurociencias y el neuromarketing hasta el presente no explorada. Demuestra que es posible una mayor eficiencia e incremento de las ventas para cualquier organización –PyME o gran empresa- a partir de este nuevo enfoque sobre el comportamiento del individuo y la aplicación de técnicas sencillas de implementar. Con ilustraciones, tablas y ejemplos de la vida empresarial real permiten acceder a una disciplina top en el management mundial que no puede dejarse de lado. Y aunque aquí se habla de empresas, los conocimientos expuestos son útiles para todo vínculo social lo cual maximiza su utilidad para todo aquel que los posea.
506 1# - RESTRICTIONS ON ACCESS NOTE
Terms governing access Disponible solo en los productos indicados
Authorized users vLex Global
-- vLex Global (Academic Edition, excluding Law Schools)
-- vLex Global (U.S. Academic Edition, Law Schools)
-- vLex Global (U.S. Academic Edition, excluding Law Schools)
-- vLex Global (Academic Edition, Law Schools)
650 04 - SUBJECT ADDED ENTRY--TOPICAL TERM
Topical term or geographic name as entry element Marketing
Geographic subdivision Colombia
700 1# - ADDED ENTRY--PERSONAL NAME
Personal name Casais, Daniel Héctor
740 0# -
-- vLex Libros (Servicio en línea)
856 40 - LOCALIZACIÓN Y ACCESO ELECTRÓNICO
Identificador Uniforme del Recurso (URI/URL) https://vlex.com/source/neurociencias-aplicadas-en-la-empresa-una-nueva-vision-de-la-direccion-de-empresas-y-el-marketing-33444
942 ## -
-- RAA
999 ## -
-- 170059
-- 170059

No hay ítems disponibles.


CONTACTO


NOSOTROS


SITIOS DE INTERES

coordinacion.biblioteca.biblioteca@unienlinea.mx Misión, Visión y Objetivos Bases de datos
Directorio Bibliotecas Digitales y Repositorios
Normatividad Revistas y artículos
Convenios interbibliotecarios
Boletines



Hecho en México. Universidad Insurgentes (UIN). Todos los derechos reservados 2024. Esta página y sus contenidos pueden ser reproducidos con fines no lucrativos, siempre y cuando no se mutile, se cite la fuente completa y su dirección electrónicas. De otra forma requiere permiso previo por escrito de la institución




2024 Copyright Universidad Insurgentes | www.bibliouin.com.mx